| 000 | 00379nam a2200145Ia 4500 | ||
|---|---|---|---|
| 008 | 231129s1974||||xx |||||||||||||| ||spa|| | ||
| 020 | _a84-02-01804-1 | ||
| 040 | _bspa | ||
| 082 | _aF843 S456a | ||
| 100 | _aSegur Sophie Rostopchine | ||
| 245 | 0 | _aAventuras de juanito y juanin | |
| 260 | _c1974 | ||
| 264 | _aBruguera | ||
| 942 |
_2ddc _cBKS |
||
| 999 |
_c5949 _d5949 |
||